书目信息 |
| 题名: |
概率统计
|
|
| 作者: | 赵彦晖 , 杨金林 主编 | |
| 分册: | ||
| 出版信息: | 北京 科学出版社 2006.08 |
|
| 页数: | 199页 | |
| 开本: | 24cm | |
| 丛书名: | ||
| 单 册: | ||
| 中图分类: | O21 | |
| 科图分类: | ||
| 主题词: | 概率论--gai lu lun--高等学校--教材 , 数理统计--shu li tong ji--高等学校--教材 | |
| 电子资源: | ||
| ISBN: | 7-03-017865-3 | |
| 000 | 00912nam0 2200253 450 | |
| 001 | 012006816786 | |
| 005 | 20061129144202.96 | |
| 010 | @a7-03-017865-3@dCNY18.00 | |
| 100 | @a20061109d2006 km y0chiy0120 ea | |
| 101 | 0 | @achi |
| 102 | @aCN@b110000 | |
| 105 | @aa z 000yy | |
| 200 | 1 | @a概率统计@Agai lu tong ji@f赵彦晖, 杨金林主编@Fzhao yan hui,yang jin lin zhu bian |
| 210 | @a北京@c科学出版社@d2006.08 | |
| 215 | @a199页@c图@d24cm | |
| 330 | @a全书内容包括:随机事件及其概率、随机变量及其分布、随机向量及其分布、随机变量的函数及其数值模拟、随机变量的数字特征、大数定律与中心极限定理、样本与抽样分布等。 | |
| 333 | @a21世纪高等院校教材 | |
| 606 | 0 | @a概率论@Agai lu lun@x高等学校@j教材 |
| 606 | 0 | @a数理统计@Ashu li tong ji@x高等学校@j教材 |
| 690 | @aO21@v4 | |
| 701 | 0 | @a赵彦晖@Azhao yan hui@4主编 |
| 701 | 0 | @a杨金林@Ayang jin lin@4主编 |
| 801 | 0 | @aCN@c20061129 |
| 905 | @apdsgxy@dO21@eZ342 | |
| 概率统计/赵彦晖, 杨金林主编.-北京:科学出版社,2006.08 |
| 199页:图;24cm |
| 使用对象:21世纪高等院校教材 |
| ISBN 7-03-017865-3:CNY18.00 |
| 全书内容包括:随机事件及其概率、随机变量及其分布、随机向量及其分布、随机变量的函数及其数值模拟、随机变量的数字特征、大数定律与中心极限定理、样本与抽样分布等。 |
| ● |
| 相关链接 |
|
|
|
正题名:概率统计
索取号:O21/Z342
 
预约/预借
| 序号 | 登录号 | 条形码 | 馆藏地/架位号 | 状态 | 备注 |
| 1 | 227095 | 202270951 | 自科库401/401自科库 47排1列4层/ [索取号:O21/Z342] | 在馆 | |
| 2 | 227096 | 202270960 | 自科库401/401自科库 47排1列4层/ [索取号:O21/Z342] | 在馆 | |
| 3 | 227097 | 202270979 | 自科库401/401自科库 47排1列4层/ [索取号:O21/Z342] | 在馆 |